000 nam a22 7a 4500
999 _c8825
_d8825
008 180119b ||||| |||| 00| 0 eng d
100 _aMitra
_95159
245 _aLearnwell English Colours
260 _aNew Delhi